Catálogo de libros de literatura antiguos y modernos que se hallan de venta en la librería de Gabriel Sánchez. (Record no. 43820)
[ view plain ]
| 000 -LEADER | |
|---|---|
| campo de control de longitud fija | 00626nam a2200193 i 4500 |
| 001 - NÚMERO DE CONTROL | |
| campo de control | 43820 |
| 003 - IDENTIFICADOR DE NÚMERO DE CONTROL | |
| campo de control | ES-MaACL |
| 005 - FECHA Y HORA DE LA ÚLTIMA TRANSACCIÓN | |
| campo de control | 20250903084237.0 |
| 007 - CAMPO FIJO DE DESCRIPCIÓN FÍSICA--INFORMACIÓN GENERAL | |
| campo de control de longitud fija | t| |
| 008 - DATOS DE LONGITUD FIJA--INFORMACIÓN GENERAL | |
| campo de control de longitud fija | 030318s1893 sp ||||1| spa d |
| 245 00 - MENCIÓN DEL TÍTULO | |
| Título | Catálogo de libros de literatura antiguos y modernos que se hallan de venta en la librería de Gabriel Sánchez. |
| 260 ## - PUBLICACIÓN, DISTRIBUCIÓN, ETC. | |
| Lugar de publicación, distribución, etc. | Madrid : |
| Nombre del editor, distribuidor, etc. | Librería de Gabriel Sánchez, |
| Fecha de publicación, distribución, etc. | 1893. |
| 300 ## - DESCRIPCIÓN FÍSICA | |
| Extensión | 62 p. ; |
| Dimensiones | 21 cm. |
| 650 #7 - PUNTO DE ACCESO ADICIONAL DE MATERIA--TÉRMINO DE MATERIA | |
| Término de materia o nombre geográfico como elemento de entrada | Catálogos de editores- |
| Subdivisión cronológica | S.XIX |
| Fuente del encabezamiento o término | |
| 9 (RLIN) | 169796 |
| 710 2# - ENTRADA AGREGADA--NOMBRE DE ENTIDAD CORPORATIVA | |
| Nombre de entidad corporativa o nombre de jurisdicción como elemento de entrada | Librería de Gabriel Sánchez. |
| 9 (RLIN) | 5514 |
| 852 ## - LOCALIZACIÓN | |
| Ubicación | ES-MaACL |
| Número de control de estantería | T-966-F-13 |
| 942 ## - ELEMENTOS DE ENTRADA SECUNDARIOS (KOHA) | |
| Fuente del sistema de clasificación o colocación | Clasificación decimal universal |
| Estatus retirado | Estado de pérdida | Fuente del sistema de clasificación o colocación | Estado de daño | No para préstamo | Colección | Biblioteca de origen | Biblioteca actual | Ubicación en estantería | Fecha de adquisición | Total de préstamos | Signatura topográfica completa | Código de barras | Visto por última vez | Precio de reemplazo | Tipo de ítem Koha |
|---|---|---|---|---|---|---|---|---|---|---|---|---|---|---|---|
| Clasificación decimal universal | Colección de folletos | Biblioteca del Ateneo de Madrid | Biblioteca del Ateneo de Madrid | Depósito folletos | 17/01/2008 | T-966-F-13 | 1046126 | 23/02/2023 | 23/02/2023 | Folleto |
